000 00906nam a2200217 a 4500
001 BRCA_1155
005 20190320203315.0
008 970108s1996 enka---###---#000-0#eng-d
020 _a1851771778
050 4 _aNB804
_b.T78 1996
100 1 _aTrusted, Majorie
_93814
245 1 0 _aSpanish Sculpture
_bCatalogue of the Post-Medieval Spanish Sculpture in Wood, Terracotta, Alabaster, Marble, Stone, Lead and Jet in the Victoria and Albert Museum
_cMajorie Trusted.
260 _aLondres
_bThe Victoria and Albert Museum
_c1996
300 _ax, 172 p.
_bil. (algunas a color)
_c29 cm.
500 _aIncluye índice de artistas, índice de temas e índice de números de inventario
504 _aBibliografía : p. 157-168
610 2 4 _aVictoria and Albert Museum
_vCatálogos
_93815
650 1 4 _aEscultura española
_vCatálogos
_93816
650 1 4 _aEscultura
_vCatálogos
_zInglaterra
_93817
942 _2lcc
_cB
999 _c1032
_d1032